000 00753nam a22002177a 4500
005 20170428152452.0
010 _aB-514011-017 ENG-117986
020 _a9781107644595
_c245.00
035 _aB-514011-017
035 _aEN-101518
037 _adpl
_bBSB/Ven
037 _bDBAD/PUB
082 _a153.4
100 _aCummins, Denise D.
245 _aGood Thinking:
_bseven powerful ideas that influence the way we think/
_cby Denise D. Cummins
260 _aNew Delhi
_bCambridge University Press
_c2012
270 _a438/4, Ansari Road, Daryaganj
_bNew Delhi
_e110002
300 _a199p.
_c23cm(pbk)
942 _2ddc
_cEN
_h153.4
_mCUM
999 _c84050
_d84050